The Borders - Sam Fender Lyrics - Statistics

General Stats
  • This quiz has been taken 97 times
  • The average score is 198 of 249
Answer Stats
Answer % Correct
a
100%
A
100%
I
99%
the
99%
an
97%
and
97%
And
97%
You
97%
you
97%
me
96%
to
96%
We
94%
we
94%
in
91%
In
91%
my
91%
like
88%
too
88%
were
88%
borders
87%
brothers
87%
pin
87%
your
87%
Your
87%
Ha
85%
said
85%
she
85%
so
85%
mother
84%
of
84%
same
84%
wor
84%
dad
82%
did
82%
little
82%
taller
82%
was
82%
old
81%
See
81%
see
81%
when
81%
broader
79%
Everybody
79%
Hell
79%
hell
79%
Eight
78%
ground
78%
her
78%
Never
78%
never
78%
took
78%
will
78%
baby
76%
bolder
76%
boy
76%
hate
76%
if
76%
kill
76%
looked
76%
years
76%
you're
76%
around
75%
gonna
75%
no
75%
Saying
75%
stand
75%
still
75%
stuck
75%
tell
75%
That
75%
that
75%
afraid
73%
can't
73%
eye
73%
for
73%
back
72%
corner
72%
gun
72%
hit
72%
night
72%
off
72%
replica
72%
skull
72%
hard
70%
living
70%
used
70%
house
69%
after
67%
family
67%
found
67%
gone
67%
man
67%
pills
67%
Then
67%
with
67%
adult
66%
new
66%
pushin'
66%
she's
66%
those
66%
against
64%
Heard
64%
now
64%
Oh
64%
oh
64%
are
63%
father
63%
remember
63%
boys
61%
from
61%
sides
61%
Some
61%
Spoke
61%
take
61%
thought
61%
anger
60%
Didn't
60%
didn't
60%
pinned
60%
glassed
58%
inheritance
58%
naughty
58%
on
58%
wall
58%
partner
57%
repaired
57%
Stole
57%
turn
57%
wonder
57%
penny
54%
between
51%
got
51%
godmother
49%
ain't
48%
Come
48%
live
45%
all
43%
smashed
43%
this
42%
up
42%
bottle
40%
eyes
37%
Holding
37%
tin
37%
within
36%
door
31%
yeah?
30%
No matching quizzes found
Score Distribution
Percent of People with Each Score
Percentile by Number Answered
Your Score History
You have not taken this quiz